大乱闘スマッシュブラザーズSPECIALのファイター - Statistics

General Stats
  • This quiz has been taken 174 times
  • The average score is 61 of 88
Answer Stats
No. ファイター % Correct
1 マリオ
98%
2 ドンキーコング
94%
3 リンク
94%
13 ピーチ
94%
6 カービィ
92%
4 サムス
90%
13' デイジー
90%
9 ルイージ
89%
8 ピカチュウ
88%
14 クッパ
86%
04' ダークサムス
85%
10 ネス
82%
17 ゼルダ
81%
33 - 35 ポケモントレーナー
80%
12 プリン
79%
39 デデデ
79%
11 キャプテン・ファルコン
77%
58 クッパJr.
77%
5 ヨッシー
76%
22 こどもリンク
76%
23 ガノンドロフ
76%
54 パルテナ
76%
70 パックンフラワー
76%
7 フォックス
75%
19 ピチュー
75%
41 ルカリオ
75%
69 ガオガエン
75%
21 マルス
74%
28 ピット
74%
20 ファルコ
73%
27 メタナイト
73%
30 ワリオ
73%
32 アイク
73%
37 リュカ
73%
45 むらびと
73%
79 ホムラ
73%
28' ブラックピット
72%
36 ディディーコング
72%
77 スティーブ / アレックス
71%
31 スネーク
70%
43 トゥーンリンク
70%
60 リュウ
70%
82 ソラ
70%
21' ルキナ
69%
50 ゲッコウガ
69%
80 ヒカリ
69%
81 カズヤ
69%
24 ミュウツー
68%
29 ゼロスーツサムス
68%
68 しずえ
68%
71 ジョーカー
68%
51-53 Miiファイター
67%
15 アイスクライマー
65%
25 ロイ
65%
60' ケン
65%
65 リドリー
65%
67 キングクルール
65%
55 パックマン
64%
78 セフィロス
64%
18 ドクターマリオ
63%
42 ロボット
63%
48 ロゼッタ&チコ
63%
26 Mr.ゲーム&ウォッチ
63%
16 シーク
62%
73 バンジョー&カズーイ
62%
38 ソニック
61%
44 ウルフ
61%
66 シモン
61%
35 リザードン
60%
63 ベヨネッタ
60%
64 インクリング
60%
66' リヒター
60%
72 勇者
60%
76 ミェンミェン
60%
61 クラウド
59%
62 カムイ
59%
47 Wii Fitトレーナー
59%
40 ピクミン&オリマー
57%
49 リトル・マック
57%
56 ルフレ
56%
57 シュルク
56%
46 ロックマン
55%
25' クロム
54%
33 ゼニガメ
52%
74 テリー
52%
75 ベレト / ベレス
52%
34 フシギソウ
51%
59 ダックハント
48%
No matching quizzes found
Score Distribution
Percent of People with Each Score
Percentile by Number Answered
Your Score History
You have not taken this quiz